The Marilyn Manson Quiz - Statistics

General Stats
  • This quiz has been taken 5 times
  • The average score is 19 of 26
Answer Stats
Answer % Correct
1996 {Antichrist} Superstar
100%
1998 {Coma} White
100%
former / current wife Dita Von Teese, Lindsay Usich
100%
1998 I Don't Like the {Drugs} (But the {Drugs} Like Me)
100%
1998 {Mechanical} Animals
100%
2004 Depeche Personal {Jesus}
100%
1995 Eurythimics {Sweet} {Dreams} (Are Made of This)
100%
2003 Gloria Jones {Tainted} Love
100%
1996 The {Beautiful} People
100%
birth name Brian Hugh Warner
80%
people his nickname comes from (whole name!) Charles Manson
80%
massacre whose perpetrators were (falsely) alleged to wear MM T-shirts Columbine
80%
original name of the band Marilyn Manson & the {Spooky} Kids
80%
people his nickname comes from (whole name!) Marilyn Monroe
80%
1994 Portrait of an American {Family}
80%
year of birth 1969
60%
2007 {Eat} Me, {Drink} Me
60%
actress to accuse him of abuse in 2021 Evan Rachel Wood,...
60%
body part injured when a prop collapsed on him on stage in 2017 fibula & ankle
60%
goddaughter (hint: actress, also daughter of an Oscar-nominated actor) Lily-Rose Depp
60%
birth state Ohio
60%
2006 Danny Elfman This Is {Halloween}
60%
type of alcohol produced by his brand absinthe ("Mansinthe")
40%
field in which he originally worked and pursued a university degree journalism
40%
favoured painting method with which he created multiple album covers as well as paintings for exhibitions watercolor
40%
2017 {Tattooed} in Reverse
20%
No matching quizzes found
Score Distribution
Percent of People with Each Score
Percentile by Number Answered
Your Score History
You have not taken this quiz